000 00745nam a22001937a 4500
003 OSt
005 20251203092627.0
008 251203b |||||||| |||| 00| 0 eng d
040 _aSEKU
050 _aLB 2832
_b.M8 2025
100 _aMutemi, Catherine
245 _aInfluence of principals supervisory practices on learner academic performance in public secondary schools in Kyuso sub - county, Kitui county, Kenya/ A research project submitted in partial fulfillment of the requirement for the degree of master of education in educational administration of South Eastern Kenya University
260 _aSEKU:
_bSEKU;
_c2025.
300 _a99P.:,
650 _aEDUCATION
650 _aschools
650 _aAdminstration
942 _2lcc
_cTHE
999 _c18720
_d18720